000 00219nam a22000857a 4500
008 160912b xxu||||| |||| 00| 0 eng d
100 _9360
_aNCERT
245 _aArts, Music, Dance and Theatre
260 _aNew Delhi
_bNCERT
_c2006
999 _c3019
_d3019